000
00288nam a22001337a 4500
008
181024b xxu||||| |||| 00| 0 eng d
020
_a
9780073222745
041
_a
eng
080
_a
531
100
_a
43
101
_a
FIZ
245
_a
College Physics
_c
Richardson.G
942
_2
udc
_c
BK
999
_c
50868
_d
50868